00418nam a2200157Ia 4500008004100000041000800041082002500049100002400074245006700098260001900165300000900184365001600193710002400209906000800233999001900241230312s9999 xx 000 0 und d aeng a620.106b620.106 RAJ aRajput R.K.9137180 aTextbook Of Fluid Mechanics And Hydraulic Machines In SI Units c2008bS. Chand a1361 cRs.b500.00 aRajput R.K.9137181 b170 c129174d129174